Cities Visited by the MCU on a Map - Statistics

General Stats
  • This quiz has been taken 1,140 times
    1,059 since last reset
  • The average score is 37 of 74
Answers on the Map
Answers color-coded by a green-red scale on the quiz's map according to % correct below.
 
Answer Stats
# Movies Answer % Correct
19 Avengers, Infinity War, Endgame... New York City
94%
9 Black Panther, Far From Home... London
89%
7 Iron Man, Captain Marvel... Los Angeles
88%
1 Iron Man 3 Miami
84%
1 Spider-Man: Far From Home Paris
84%
1 Avengers: Endgame Tokyo
84%
1 Eternals Tenochtitlan
83%
5 Ant-Man (& Wasp), Shang-Chi... San Francisco
82%
1 Iron Man 3 Moscow
81%
4 Ant-Man, Civil War, Far From Home Berlin
80%
1 Moon Knight Cairo (and Giza)
79%
4 First Avenger, Eternals, Moon Knight Chicago
79%
2 The Incredible Hulk, Eternals Rio de Janeiro
79%
2 Age of Ultron, Black Panther Seoul
79%
1 Avengers: Age of Ultron Oslo
75%
2 Civil War, Black Panther 2 Cambridge
74%
8 Iron Man 2, Winter Soldier... Washington
74%
1 Black Widow Saint Petersburg
73%
2 Dr Strange, Endgame Hong Kong
72%
1 Iron Man Las Vegas
72%
1 Avengers Infinity War Edinburgh
71%
1 Black Widow Budapest
70%
1 Captain America: Civil War Lagos
70%
2 Eternals, Ms. Marvel Mumbai
70%
2 Civil War, Black Panther Vienna
70%
1 Avengers: Age of Ultron Johannesburg
69%
1 Eternals Babylon
68%
1 Spider-Man: Far From Home Venice
68%
1 Captain America: Civil War Bucharest
67%
1 Captain Marvel New Orleans
67%
1 Spider-Man: Far From Home Prague
67%
1 Iron Man 2 Monaco
65%
6 Dr Strange, Endgame, Shang-Chi... Kathmandu
64%
1 Captain America: First Avenger Philadelphia
64%
1 Iron Man 3 Bern
63%
1 Falcon and the Winter Soldier Munich
63%
1 Falcon and the Winter Soldier Riga
63%
1 Falcon and the Winter Soldier Zurich
61%
1 Avengers: Infinity War Atlanta
58%
1 Black Panther 2 Geneva
57%
1 The Avengers Kolkata
55%
1 Falcon and the Winter Soldier Bratislava
54%
1 Black Panther Busan
54%
1 Falcon and the Winter Soldier Vilnius
53%
1 Captain America: Civil War Cleveland
51%
1 Shang-Chi Macau
51%
2 Hulk, The First Avenger Milwaukee
50%
1 Spider-Man: No Way Home Tijuana
50%
1 Falcon and the Winter Soldier Baltimore
49%
1 Captain America: First Avenger Buffalo
47%
1 Eternals Hiroshima
41%
2 The Avengers, Black Widow Albany
36%
1 Black Widow Dubrovnik
34%
1 Captain America: Civil War Leipzig (Schkeuditz)
31%
1 Black Widow Tangier
30%
1 Loki Pompeii
14%
1 Iron Man 3 Chattanooga
12%
1 Iron Man 3 Pensacola
12%
4 First Avenger, Thor, Endgame Tønsberg (New Asgard)
7%
1 Loki Oshkosh
6%
1 Loki Aix-en-Provence
5%
1 Black Panther 2 Cap-Haïtien
5%
1 Thor: The Dark World Amesbury
1%
1 Captain America: First Avenger Azzano
1%
1 Iron Man Bagram
1%
1 Spider-Man: Far From Home Broek op Langedijk
1%
1 The Incredible Hulk Ciudad Hidalgo
1%
1 Falcon and the Winter Soldier Delacroix
1%
1 Loki Fremont
1%
1 Spider-Man: Far From Home Ixtenco
1%
1 Black Widow Sæbø
1%
2 Guardians of the Galaxy (1 & 2) Saint Charles
1%
1 Loki Salina
1%
1 The Incredible Hulk Willowdale
1%
No matching quizzes found
Score Distribution
Percent of People with Each Score
Percentile by Number Answered
Your Score History
You have not taken this quiz since the last reset